00611nam a2200181Ia 4500003000900000008004100009040001300050040001300063245005900076245001100135250001100146260002300157300000800180490000600188942000700194999001500201952021300216IT-RoPAU120407s9999 xx 000 0 und d aIT-RoPAU cIT-RoPAU aVida, clamor y esperienza aportes desde America Latina cAA.VV. aMadrid aEdiciones Paulinas c cm v1 cBK c3106d3106 00102ddc40610_000000000000000_SPALLA__CG71aPAULUSbPAULUSd2012-04-11l0o10 spalla - CG.r2012-04-11 00:00:00w2012-04-11yBKzInserito da: Valentino In data: n.d. fondo: Fanella - Valentino Progr:36810